000 00293nam a2200109Ia 4500
008 190914s9999||||xx |||||||||||||| ||und||
100 _aSumantra. A.Bartlett
245 0 _aTransnational Management text case and reading
260 _aNew York
_bMcGraw Hill
_c1998
300 _a611
942 _cBK
999 _c8907
_d8907